[Event "Novosibirsk Sukharev Memorial op"]
[Site "Novosibirsk"]
[Date "2010.07.19"]
[Round "2"]
[White "Bublei, Pavel"]
[Black "Loginova, Lubov"]
[Result "1-0"]
[WhiteElo "2249"]
[BlackElo "1809"]
[PlyCount "55"]
[EventDate "2010.07.18"]
[EventType "swiss"]
[EventRounds "9"]
[EventCountry "RUS"]
[SourceTitle "EXT 2011"]
[Source "ChessBase"]
[SourceDate "2010.11.26"]
[SourceVersion "1"]
[SourceVersionDate "2010.11.26"]
[SourceQuality "1"]

1. c4 Nf6 2. Nf3 e6 3. g3 d5 4. Bg2 Be7 5. 0-0 0-0 6. b3 Nbd7 7. Bb2 c6 8. Nc3 b6 9. d4 Bb7 10. e3 Rc8 11. Qe2 Qc7 12. e4 Qd8 13. Rfe1 h6 14. Rad1 Re8 15. h4 c5 16. cxd5 exd5 17. exd5 cxd4 18. Nxd4 Bb4 19. Qd3 Ne5 20. Qf5 Bxc3 21. Bxc3 Rxc3 22. Rxe5 Rxe5 23. Qxe5 Bxd5 24. Nf5 Rc5 25. Ne7+ Kf8 26. Nxd5 Nxd5 27. Rxd5 Rxd5 28. Bxd5 1-0